Data requirements of hedonic models in determining the impact on infrastructure charges on new housing costs (Record no. 115493)
[ view plain ]
| 000 -LEADER | |
|---|---|
| fixed length control field | 01386cad a2200253 4500 |
| 001 - CONTROL NUMBER | |
| control field | L158760 |
| 008 - FIXED-LENGTH DATA ELEMENTS--GENERAL INFORMATION | |
| fixed length control field | 100215n2013 000 0 eng u |
| 020 ## - INTERNATIONAL STANDARD BOOK NUMBER | |
| International Standard Book Number | 9781783210305 |
| 035 ## - SYSTEM CONTROL NUMBER | |
| System control number | (Sirsi) u158760 |
| 041 ## - LANGUAGE CODE | |
| Language code of text/sound track or separate title | eng |
| 100 1# - MAIN ENTRY--PERSONAL NAME | |
| Personal name | Bryant, Lyndall |
| 111 2# - MAIN ENTRY--MEETING NAME | |
| Meeting name or jurisdiction name as entry element | Construction and Building Research Conference |
| Location of meeting | IIT Delhi, New Delhi |
| Date of meeting or treaty signing | 10-12 September 2013 |
| 245 00 - TITLE STATEMENT | |
| Title | Data requirements of hedonic models in determining the impact on infrastructure charges on new housing costs |
| Medium | [electronic resource] |
| 260 ## - PUBLICATION, DISTRIBUTION, ETC. | |
| Place of publication, distribution, etc. | London |
| Name of publisher, distributor, etc. | RICS |
| Date of publication, distribution, etc. | 2013 |
| 490 #0 - SERIES STATEMENT | |
| Series statement | COBRA |
| Volume/sequential designation | 2013 |
| 520 ## - SUMMARY, ETC. | |
| Summary, etc. | A paper presented at the COBRA Conference in New Delhi on 10-12 September 2013. Looks at several international hedonic house price models seeking to quantify the effect of infrastructure charges on new house prices. This research finds there is little consistency between existing models and the data sets utilised. Specification appears dependent upon data availability rather than sound theoretical grounding. This may lead to a lack of external validity with model specification dependent upon data availability rather than sound theoretical grounding. |
| 650 24 - SUBJECT ADDED ENTRY--TOPICAL TERM | |
| Topical term or geographic name entry element | CONSTRUCTION AND BUILDING RESEARCH CONFERENCE (COBRA) |
| 650 24 - SUBJECT ADDED ENTRY--TOPICAL TERM | |
| Topical term or geographic name entry element | HOUSE PRICES |
| 650 24 - SUBJECT ADDED ENTRY--TOPICAL TERM | |
| Topical term or geographic name entry element | INFRASTRUCTURE CHARGES |
| 651 #4 - SUBJECT ADDED ENTRY--GEOGRAPHIC NAME | |
| Geographic name | Australia |
| 690 ## - LOCAL SUBJECT ADDED ENTRY--TOPICAL TERM (OCLC, RLIN) | |
| Topical term or geographic name as entry element | Residential property |
| 9 (RLIN) | 6266 |
| 700 1# - ADDED ENTRY--PERSONAL NAME | |
| Personal name | Eves, Chris |
| 942 ## - ADDED ENTRY ELEMENTS (KOHA) | |
| Suppress in OPAC | 0 |
| Withdrawn status | Lost status | Source of classification or shelving scheme | Damaged status | Not for loan | Home library | Current library | Shelving location | Date acquired | Total Checkouts | Full call number | Barcode | Date last seen | Copy number | Price effective from | Koha item type |
|---|---|---|---|---|---|---|---|---|---|---|---|---|---|---|---|
| Dewey Decimal Classification | Virtual | Virtual | Online | 13/07/2015 | ONLINE PUBLICATION | 158760-2001 | 06/08/2019 | 1 | 06/08/2019 | Book |